|
|
|
|
| LEADER |
01340ppm a22003498a 4500 |
| 001 |
00036117 |
| 005 |
20171026081025.0 |
| 008 |
170209s2013 ||||||Viesd |
| 041 |
0 |
# |
|a Vie
|
| 082 |
1 |
4 |
|a 004.6
|b Đ305T
|
| 100 |
1 |
# |
|a Nguyễn, Thị Thanh Thảo
|
| 245 |
1 |
0 |
|a Điện toán đám mây những thách thức về bảo mật và ứng dụng xem thông tin tài nguyên
|b Khoa luận tốt nghiệp Thạc sĩ. Chuyên ngành: Khoa học máy tính Mã số : 60 48 01 01
|c Nguyễn Thị Thanh Thảo; Giáo viên phụ trách: Nguyễn Phi Khứ
|
| 260 |
# |
# |
|a TP. Hồ Chí Minh
|b TP. Hồ Chí Minh
|c 2013
|
| 300 |
# |
# |
|a 35tr.
|c 30 cm.
|
| 500 |
# |
# |
|a ĐTTS ghi: Đại học Quốc gia TP. Hồ Chí Minh. Trường Đại học Công nghệ thông tin
|
| 653 |
# |
# |
|a Bảo mật
|
| 653 |
# |
# |
|a Ứng dụng
|
| 653 |
# |
# |
|a Điện toán đám mây
|
| 653 |
# |
# |
|a Thạc sĩ
|
| 653 |
# |
# |
|a Khóa luận
|
| 700 |
1 |
# |
|a Nguyễn Phi Khứ
|e Giáo viên phụ trách
|
| 852 |
# |
# |
|j LV.0001110
|
| 852 |
# |
# |
|b Kho đọc SĐH
|j LV.0001110
|
| 910 |
0 |
# |
|d 09/02/2017
|
| 980 |
# |
# |
|a Trung tâm Học liệu Lê Vũ Hùng, Trường Đại học Đồng Tháp
|